El autor del crímen (Record no. 170857)

MARC details
000 -LEADER
campo de control de longitud fija 01279nam a2200217 i 4500
001 - NÚMERO DE CONTROL
campo de control 170857
003 - IDENTIFICADOR DE NÚMERO DE CONTROL
campo de control ES-MaACL
005 - FECHA Y HORA DE LA ÚLTIMA TRANSACCIÓN
campo de control 20250713080434.0
008 - DATOS DE LONGITUD FIJA--INFORMACIÓN GENERAL
campo de control de longitud fija 090413s1875 sp |||| | spa d
100 1# - ENTRADA PRINCIPAL--NOMBRE DE PERSONA
Nombre de persona Aza, Vital,
Fechas asociadas al nombre 1851-1912
9 (RLIN) 24210
245 13 - MENCIÓN DEL TÍTULO
Título El autor del crímen
Resto del título : juguete cómico en un acto y en prosa /
Mención de responsabilidad, etc. original de Vital Aza.
260 ## - PUBLICACIÓN, DISTRIBUCIÓN, ETC.
Lugar de publicación, distribución, etc. Madrid :
Nombre del editor, distribuidor, etc. [s.n.],
Fecha de publicación, distribución, etc. 1875 (
Fabricante Imp. de José Rodríguez)
300 ## - DESCRIPCIÓN FÍSICA
Extensión 28 p. ;
Dimensiones 19 cm.
500 ## - NOTA GENERAL
Nota general En port.: Representación por primera vez en el teatro de Variedades el día 12 de abril de 1875.
500 ## - NOTA GENERAL
Nota general "Administración lírico-dramática"--Cubierta.
530 ## - NOTA DISPONIBLE DE FORMULARIO FÍSICO ADICIONAL
Nota de formato físico adicional disponible Disponible en formato digital.
852 1# - LOCALIZACIÓN
Ubicación BA
Número de control de estantería F-8562(10)- Enc. pasta española
condición física .- Falto de la cub. original
Nota libre .- Enc. en un vol. factico, formando parte de la col. facticia "Teatro español moderno", vol. 14
-- .- Firma manuscrita de Gustavo Saenz Diez, 1878
852 ## - LOCALIZACIÓN
Ubicación ES-MaACL
Número de control de estantería F-8562(12)
Nota libre Enc. pasta española
condición física .- Falto de la cub. original
Nota libre .- Enc. en un vol. facticio formando parte de la col. facticia "Teatro español moderno", vol. 14
-- .- Dedicatoria manuscrita del autor a Antonio Sánchez Pérez
856 ## - LOCALIZACIÓN Y ACCESO ELECTRÓNICOS
Identificador Uniforme de Recursos <a href="http://bdh-rd.bne.es/viewer.vm?id=0000096031&page=1 ">http://bdh-rd.bne.es/viewer.vm?id=0000096031&page=1 </a>
Nota pública Biblioteca Digital Hispánica
Holdings
Estatus retirado Estado de pérdida Estado de daño No para préstamo Colección Biblioteca de origen Biblioteca actual Ubicación en estantería Fecha de adquisición Fuente de adquisición Total de préstamos Signatura topográfica completa Código de barras Visto por última vez Precio de reemplazo Tipo de ítem Koha
        Colección digital Biblioteca del Ateneo de Madrid Biblioteca del Ateneo de Madrid Sala Pecera Planta 2 13/04/2009     F-8562(12) 1179316 23/02/2023 23/02/2023 Libro impreso antiguo
        Colección digital Biblioteca del Ateneo de Madrid Biblioteca del Ateneo de Madrid Sala Pecera Planta 2 13/04/2009     F-8562(10) 1179313 23/02/2023 23/02/2023 Libro impreso antiguo